000
00310cam a22001217a 4500
008
180718b1928 xxu||||| |||| 00| 0 eng d
082
_a
A72x54 L914
100
_a
Loti, Pierre
245
_a
India
_c
by Pierre Loti
260
_a
London
_b
Laurie
_c
1928
300
_a
283p.
650
_a
India - Description and travel
999
_c
372325
_d
372325